Geometría 3 : secuencias de actividades. educación secundaria /

Guardado en:
Otros Autores: Arnejo, Mabel, Comparatore, Claudia, Kurzrok, Liliana
Formato: Libro
Publicado: Buenos Aires : Tinta Fresca, 2011
Materias:
Etiquetas: Agregar Etiqueta
Sin Etiquetas, Sea el primero en etiquetar este registro!
LEADER 00851nam a22002535a 4500
001 CEM.cems014432
008 130507s2011##################000#0#####d
005 20211110173247.0
003 CEMS
245 0 0 |a Geometría 3 :  |b secuencias de actividades. educación secundaria /  |c Silvia Altman y Otros 
260 |a Buenos Aires :  |b Tinta Fresca,  |c 2011 
300 |a 80 p. 
505 0 |a Ángulos y figuras -- El teorema de Pitágoras -- Ángulos, circunferencias y cuadriláteros.- 
590 |a 1257.014 
020 |a 9789875765412 
700 1 |a Arnejo, Mabel 
700 1 |a Comparatore, Claudia 
700 1 |a Kurzrok, Liliana 
082 0 4 |a 513 
653 |a Matemática 
653 |a Geometría 
653 |a Biblioteca TC 
859 |a CEMS  |b BIB. CEMS - 11 de abril  |h 513  |i AL79  |p 26986.14  |t Ej.1  |v 3  |3 3 
859 |a CEMS  |b BIB. CEMS - 11 de abril  |h TC  |p 1257.014  |t Ej.2  |3 3